000 00954cam a22002774a 4500
001 2631038
005 20190330020051.0
008 990518s2000 njua 001 0 eng
010 _a 99031591
020 _a013310897X
040 _aDLC
_cDLC
_dDLC
042 _apcc
050 0 0 _aHG173
_b.B58 2000
082 0 0 _a658.15
_221
100 1 _aBodie, Zvi.
245 1 0 _aFinance /
_cZvi Bodie, Robert C. Merton.
260 _aUpper Saddle River, NJ :
_bPrentice Hall,
_cc2000.
300 _axxxi, 479 p. :
_bill. ;
_c26 cm.
500 _aOne calculator guide for financial management laid in.
500 _aIncludes index.
650 0 _aFinance.
700 1 _aMerton, Robert C.
906 _a7
_bcbc
_corignew
_d1
_eocip
_f19
_gy-gencatlg
942 _2lcc
_cBOOKS
_hHG 173 .B58 2000
_01
999 _c12931
_d12931